প্রলয় কেতন / (Record no. 2237)
[ view plain ]
| 000 -LEADER | |
|---|---|
| fixed length control field | 00679nam a2200229 a 4500 |
| 001 - CONTROL NUMBER | |
| JCCL Control Number | 2237 |
| 003 - CONTROL NUMBER IDENTIFIER | |
| JCCL marc code | BD-JhCC |
| 005 - DATE AND TIME OF LATEST TRANSACTION | |
| control field | 20171031113328.0 |
| 008 - FIXED-LENGTH DATA ELEMENTS--GENERAL INFORMATION | |
| fixed length control field | 171031s1992 bg a|||| ||a| 000 0 ben d |
| 020 ## - INTERNATIONAL STANDARD BOOK NUMBER | |
| International Standard Book Number | 9845550493 |
| 035 ## - SYSTEM CONTROL NUMBER | |
| system control number | (BD-JhCC)2237 |
| 040 ## - CATALOGING SOURCE | |
| Original cataloging agency | BD-JhCC |
| Modifying agency | BD-JhCC |
| 041 ## - LANGUAGE CODE | |
| Language code of Book | ben |
| 082 ## - DEWEY DECIMAL CLASSIFICATION NUMBER | |
| Classification number | 891.4409 |
| Author mark and Year | MON 1992 |
| 100 ## - MAIN ENTRY--PERSONAL NAME | |
| Personal name | মনিরুজ্জামান |
| 245 ## - TITLE STATEMENT | |
| Title | প্রলয় কেতন / |
| Statement of responsibility, etc | মনিরুজ্জামান (সম্পা.) |
| 260 ## - PUBLICATION, DISTRIBUTION, ETC. (IMPRINT) | |
| Place of publication, distribution, etc | ঢাকা : |
| Name of publisher, distributor, etc | নজরুল ইন্সটিটিউট, |
| Date of publication, distribution, etc | 1992. |
| 300 ## - PHYSICAL DESCRIPTION | |
| Pagination | 170 p. : |
| Dimensions | 22 cm. |
| 650 ## - SUBJECT ADDED ENTRY--TOPICAL TERM | |
| Topical term or geographic name as entry element | Bengali Literature |
| 942 ## - ADDED ENTRY ELEMENTS (KOHA) | |
| Source of classification or shelving scheme | Dewey Decimal Classification |
| Koha item type | Books |
| Source of classification or shelving scheme | Damaged status | Not for loan | Home library | Current library | Shelving location | Date of accession | Cost, normal purchase price | Total Checkouts | Full call number | Barcode | Date last seen | Date checked out | Copy number | Koha item type |
|---|---|---|---|---|---|---|---|---|---|---|---|---|---|---|
| Dewey Decimal Classification | JCC Rouf Library | JCC Rouf Library | General Stacks | 10/31/2017 | 40.00 | 1 | 891.4409 MON 1992 | 3254 | 09/03/2024 | 09/03/2024 | C-1 | Books |